Sports Quiz

Random Sports Quiz
Score 0/100 Timer 15:00
0 Plays Today
# Rider % Correct
1Peter Sagan
99.5%
2Chris Froome
99%
3Nairo Quintana
98.2%
5Alejandro Valverde
96.1%
7Alberto Contador
95.7%
6Alexander Kristoff
93.4%
4Greg Van Avermaet
93%
8Romain Bardet
91.1%
16Mark Cavendish
90.9%
19Vincenzo Nibali
90.4%
20Marcel Kittel
87%
12Edvald Boasson Hagen
86%
66Tony Martin
85.5%
30Daniel Martin
85.3%
13Esteban Chaves
85.3%
26Thibaut Pinot
84.7%
23Fabian Cancellara
84.4%
28André Greipel
84.1%
25Richie Porte
82.2%
15Tom Dumoulin
81%
29Rui Costa
80.5%
33Rafal Majka
80.5%
46Geraint Thomas
80.2%
21Nacer Bouhanni
80%
50Fabio Aru
80%
38Joaquim Rodriguez
79.9%
61Adam Yates
78.9%
35Tom Boonen
78.5%
72Simon Yates
78.5%
43Wout Poels
78.4%
45Samuel Dumoulin
78%
36Sergio Luis Henao
76.9%
18Michael Matthews
76.6%
78Michal Kwiatkowski
74.3%
# Rider % Correct
49Philippe Gilbert
73.8%
31Arnaud Demare
73.7%
24Julian Alaphilippe
72.8%
34Bauke Mollema
72.4%
41Bob Jungels
72.2%
58Zdenek Stybar
71.9%
9Diego Ulissi
71.8%
86Tejay Van Garderen
70.3%
48Jakob Fuglsang
70%
52Niki Terpstra
69.9%
62Rigoberto Uran
68%
40Ilnur Zakarin
67.7%
90Nicolas Roche
67.2%
42Fernando Gaviria
66.7%
87Simon Gerrans
65.8%
97John Degenkolb
64.4%
53Miguel Angel Lopez
63.8%
10Giacomo Nizzolo
63%
14Ion Izagirre
62.2%
11Bryan Coquard
61.9%
39Tony Gallopin
60.9%
65Jarlinson Pantano
60.6%
55Sep Vanmarcke
60.6%
82Steven Kruijswijk
59.4%
57Rohan Dennis
59.1%
22Dylan Groenewegen
58.3%
83Roman Kreuziger
58.1%
60Darwin Atapuma
55.9%
76Warren Barguil
54.7%
94Louis Meintjes
54.7%
74Luis Leon Sanchez
54.2%
64Matteo Trentin
54%
85Sam Bennett
53.5%
59Tanel Kangert
52%
# Rider % Correct
93Caleb Ewan
51.3%
56Tim Wellens
50.9%
17Sonny Colbrelli
50.9%
44Giovanni Visconti
50.9%
68Oliver Naesen
50.8%
32Gianluca Brambilla
50.7%
54Petr Vakoc
50.6%
47Wilco Kelderman
49.7%
99Michael Valgren
49.6%
69Andrew Talansky
47.4%
89Sebastien Reichenbach
46.8%
98Daniel Moreno
46.2%
80Diego Rosa
43.8%
95Enrico Gasparotto
43.7%
81Alexey Lutsenko
43.3%
70Jan Bakelants
42.9%
84Tiesj Benoot
42.9%
71Gianni Moscon
42.8%
77Ben Swift
42.1%
91Magnus Cort
41.1%
96Jürgen Roelandts
35.8%
79Fabio Felline
33.8%
37Timothy Dupont
33.2%
67Pierre Latour
33%
92Jonathan Castroviejo
32%
27Baptiste Planckaert
31.5%
75Arthur Vichot
27.1%
88Alberto Bettiol
24.7%
63Dries Devenyns
23.6%
51Francesco Gavazzi
20.5%
73Sergio Pardilla
20.5%
100Kenny Dehaes
13%
Remove Ads.
Support Sporcle.
Get the best of Sporcle when you Go Orange. This ad-free experience offers more features, more stats, and more fun while also helping to support Sporcle. Thank you for becoming a member.

You're not logged in!

Compare scores with friends on all Sporcle quizzes.
OR
Log In

Show Comments

Extras

Top Quizzes Today


Score Distribution

Your Account Isn't Verified!

In order to create a playlist on Sporcle, you need to verify the email address you used during registration. Go to your Sporcle Settings to finish the process.

Report this User

Report this user for behavior that violates our Community Guidelines.

Details: